|
|
|
|
| LEADER |
00000nab a2200000 a 4500 |
| 001 |
vtls000387766 |
| 003 |
SK-MaSNL |
| 005 |
20260303215823.0 |
| 008 |
140301c1990 xo 0 slo |
| 015 |
|
|
|a SNBRB19rr/mm-uuuuu
|
| 035 |
|
|
|a CL0387890
|
| 040 |
|
|
|a SNKBUCL
|b slo
|c SNKBUCL
|e AACR2
|
| 041 |
0 |
|
|a slo
|
| 044 |
|
|
|a xo
|c SK
|
| 080 |
|
|
|a 681.3:371.3
|2 1981
|
| 080 |
|
|
|a 371.3
|2 1981
|
| 100 |
1 |
|
|a Dudinská, Elvíra,
|d 1938-
|4 aut
|9 87588
|
| 245 |
1 |
0 |
|a Osobné počítače vo výučbe
|c E. Dudinská, M. Mizla, A. Sakal
|
| 300 |
|
|
|b Obr. 3., lit. 2 zázn. v slov., češ.
|
| 650 |
0 |
7 |
|a osobné počítače
|2 snkbucl
|9 960
|
| 655 |
|
7 |
|a články z novín a časopisov
|2 snkbucl
|9 267496
|
| 655 |
|
7 |
|a články z odboru knihovníctvo
|2 snkbucl
|9 166141
|
| 700 |
1 |
|
|a Mizla, Martin,
|d 1955-
|4 aut
|9 237877
|
| 700 |
1 |
|
|a Sakal, A.
|4 aut
|9 375859
|
| 773 |
0 |
|
|t Knižnice a vedecké informácie
|g Roč. 22, č. 3 (1990), s. 141-144
|
| 850 |
|
|
|a Slovenská národná knižnica v Martine
|a MTA001
|
| 852 |
|
|
|a SNK
|b KIS3GCP
|
| 958 |
|
|
|a RK
|
| 958 |
|
|
|a KL
|
| 992 |
|
|
|a RBX
|
| 999 |
|
|
|c 2223521
|d 2225451
|